000
00295nam a2200109Ia 4500
008
210107s9999 xx 000 0 und d
100
_a
Hampton, John J.
245
0
_a
Financial Decision Making : Concepts, Problems and Cases
260
_a
Reston
_b
Reston Publishing
300
_a
641
942
_c
BK
999
_c
11350
_d
11350